Catálogo
 En Linea

Memorias del Primer Congreso Iberoamericano de Educación Matemática : (Registro nro. 35786)

Detalles MARC
000 -CABECERA
campo de control de longitud fija 00781nam a2200181 a 4500
001 - NÚMERO DE CONTROL
campo de control 000036295
005 - FECHA Y HORA DE LA ÚLTIMA TRANSACCIÓN
campo de control 20200930075643.0
008 - DATOS DE LONGITUD FIJA--INFORMACIÓN GENERAL
campo de control de longitud fija 120112s1991 fr a 100 0 spa d
040 ## - FUENTE DE LA CATALOGACIÓN
Centro catalogador/agencia de origen DO-SdBNP
Lengua de catalogación spa
Centro/agencia transcriptor BNPHU
111 0# - ENTRADA PRINCIPAL--NOMBRE DE CONGRESO/REUNIÓN
Nombre de congreso/reunión o jurisdicción como elemento de entrada Congreso Iberoamericano de Educación Matemática
Número del congreso/reunión o número de parte o sección (1 :
Fecha del congreso/reunión 1990 :
Sede del congreso/Lugar de la reunión Sevilla)
9 (RLIN) 62425
245 10 - MENCIÓN DE TÍTULO
Título Memorias del Primer Congreso Iberoamericano de Educación Matemática :
Resto del título [actas].
246 13 - FORMA VARIANTE DE TÍTULO
Título propio/Titulo breve 1er. Congreso Iberoamericano de Educación Matemática
260 ## - PUBLICACIÓN, DISTRIBUCIÓN, ETC.
Lugar de publicación, distribución, etc. París :
Nombre del editor, distribuidor, etc. UNESCO,
Fecha de publicación, distribución, etc. 1991.
300 ## - DESCRIPCIÓN FÍSICA
Extensión 301 p. :
Otras características físicas il. ;
Dimensiones 30 cm.
490 0# - MENCIÓN DE SERIE
Mención de serie Enseñanza científica y tecnológica. Colección de documentos ;
Designación de volumen o secuencia 42
500 ## - NOTA GENERAL
Nota general Congreso celebrado en Sevilla, 24 al 29 de septiembre 1990
650 24 - PUNTO DE ACCESO ADICIONAL DE MATERIA--TÉRMINO DE MATERIA
Término de materia o nombre geográfico como elemento de entrada Educación matemática
Subdivisión general Congresos, conferencias, etc.
9 (RLIN) 62426
Existencias
Estado de retiro Estado de pérdida Restricciones de uso No para préstamo Código de colección Localización permanente Ubicación/localización actual Ubicación en estantería Fecha de adquisición Número de inventario Total de préstamos Signatura topográfica completa Código de barras Fecha visto por última vez Precio válido a partir de Tipo de ítem Koha
      Excluido de préstamo Monografías: Libros y Folletos General General En catalogación 12.01.2012 LF1   36296-10 25.06.2020 25.06.2020 No se presta

Con tecnología Koha